|
|
|
|
| LEADER |
00000nam a2200000 a 4500 |
| 001 |
vtls009530007 |
| 003 |
SK-MaSNL |
| 005 |
20260301171333.0 |
| 008 |
090625s2009 xo o g 000 0 slo |
| 015 |
|
|
|a SNBA2009/08-04211
|
| 020 |
|
|
|a 9788071147404 (brož.)
|
| 040 |
|
|
|a SNK
|b slo
|c SNK
|e AACR2
|
| 041 |
1 |
|
|a slo
|h ger
|
| 044 |
|
|
|a xo
|c SK
|
| 072 |
|
7 |
|a 821.112.2-3
|x Nemecká próza, nemecky písaná
|2 konspekt
|
| 072 |
|
7 |
|a 27-1/-2
|x Kresťanská teológia. Dogmatická teológia
|2 konspekt
|
| 080 |
|
|
|a 821.112.2-32
|2 2001
|
| 080 |
|
|
|a 17.02
|2 2001
|
| 080 |
|
|
|a 27
|2 2001
|
| 245 |
0 |
0 |
|a Objav svoje krídla
|b príbehy pre mladých kresťanov
|c zostavil Willy Hoffsümmer ; [vybrané texty z knihy Willy Hoffsümmera Aufbrechen preložil Ernest Marko]
|
| 250 |
|
|
|a 2. vyd.
|
| 260 |
|
|
|a Bratislava
|b Lúč
|c 2009
|
| 300 |
|
|
|a 97 s.
|b fotogr.
|c 20 cm
|
| 490 |
1 |
|
|a Príbehy pre mladých
|
| 650 |
0 |
7 |
|a ľudský život
|2 SNKPH
|9 25600
|
| 650 |
0 |
7 |
|a životná múdrosť
|x kresťanské chápanie
|2 SNKPH
|9 422526
|
| 650 |
0 |
7 |
|a Life wisdom
|x christian approach
|2 SNKPHeng
|9 538874
|
| 655 |
|
7 |
|a nemecké príbehy
|2 SNKPH
|9 70667
|
| 655 |
|
7 |
|a náboženské príbehy
|2 SNKPH
|9 276971
|
| 655 |
|
7 |
|a German stories
|2 2001
|9 315928
|
| 700 |
1 |
|
|a Hoffsümmer, Willi,
|d 1941-
|4 com
|9 207236
|
| 700 |
1 |
|
|a Marko, Ernest
|4 trl
|9 310377
|
| 830 |
|
0 |
|a Príbehy pre mladých
|9 538875
|
| 919 |
|
|
|a 978-80-7114-740-4
|
| 958 |
|
|
|a LX
|
| 958 |
|
|
|a NT
|
| 958 |
|
|
|a UP
|
| 968 |
|
|
|b DT
|d 821
|
| 999 |
|
|
|c 830519
|d 832449
|
| 952 |
|
|
|a SNK
|b SNK
|y PREZ
|7 0
|p 17A0623976
|o snkSD 78318
|i snk2009/11695
|8 0
|0 0
|1 0
|4 0
|d 2009-06-25
|l 0
|r 2025-11-26 00:00:00
|w 2026-02-24
|
| 952 |
|
|
|a SNK
|b SNK
|y VYP
|7 0
|p 17A0623975
|o snkSD 78318 D1
|i snk2009/11696
|8 0
|0 0
|1 0
|4 0
|d 2009-06-25
|l 0
|r 2017-06-30 00:00:00
|w 2026-02-24
|